000 00750cam a22002414a 4500
001 000009604
005 20200929161635.0
008 040429s2002 pn a 001 j spa
010 _a2004423778
020 _a9962812194
035 _a(NcChVT)VT91PN228
040 _aDO-SdBNP
_bspa
_cLC
_dBNPHU
042 _apcc
082 _aP863.44
_bA696m
100 1 _aVillalaz de Arias, Marisin,
_d1930-
_q(Marisin Villalaz)
_924453
245 1 0 _aMondongos para el Señor Obispo /
_cMarisin Villalaz de Arias.
260 _aPanamá :
_bCírculo de Lectura de la USMA,
_c2002.
300 _a176 p. :
_bil. ;
_c21 cm.
650 4 _aCuentos panameños
_918046
650 4 _aLiteratura panameña
_94261
910 _aCatalogación por copia / LC
049 _aBNGR
999 _c9364
_d9364